000 01156cam a22003735a 4500
999 _c921
_d921
001 20703390
003 GZU
005 20200916113727.0
008 181012e20121220xxka b 001 0 eng
010 _a 2018418045
020 _a1780520700
_q(hbk.)
020 _a9781780520704
_q(hbk.)
020 _a9781780520704
020 _a1780520700
020 _a1780520719
_q(PDF ebook)
020 _a9781780520711
_q(PDF ebook)
020 _a9781780520711
020 _a1780520719
040 _aDLC
_cDLC
042 _apcc
050 _aG155
_bTSI 2012
245 0 0 _aStrategic marketing in tourism services /
_cedited by Rodoula H. Tsiotsu and Ronald E. Goldsmith.
260 _aBingley :
_bEmerald Group Publishing Limited,
_c2012.
300 _a377 p. :
_bill. ;
_c25 cm
504 _aIncludes bibliographical references (p. 355-357) and index.
650 0 _aMarketing.
650 0 _aTourism
_xMarketing.
650 0 _aStrategic planning.
700 1 _aTsiotsou, Rodoula H.
700 1 _aGoldsmith, Ronald Earl.
906 _a0
_bibc
_corigres
_d2
_encip
_f20
_gy-gencatlg
942 _2lcc
_cBK
_h155
_iTSI
_kG